|
|
|
|
| LEADER |
01430nam a22003852a 4500 |
| 001 |
000260922 |
| 003 |
CZ BrMZK |
| 005 |
20110525212939.0 |
| 007 |
ta |
| 008 |
980105s1897 xr af f cze d |
| 015 |
|
|
|a cnb001831268
|
| 040 |
|
|
|a ABA001
|b cze
|
| 043 |
|
|
|a e-xr---
|b e-xr-mr
|2 czenas
|
| 072 |
|
7 |
|a 73
|x Sochařství, keramika, porcelán, umělecké zpracování kovů
|2 Konspekt
|9 21
|
| 080 |
|
|
|a 737.1
|2 MRF
|
| 080 |
|
|
|a 671.4
|2 MRF
|
| 080 |
|
|
|a (437.32)
|2 MRF
|
| 080 |
|
|
|a (048.8)
|2 MRF
|
| 100 |
1 |
|
|a Červinka, Inocenc Ladislav,
|d 1869-1952
|7 jk01021724
|4 aut
|
| 245 |
1 |
0 |
|a Mince a mincovnictví markrabství moravského
|
| 260 |
|
|
|a V Brně :
|b I.L. Červinka,
|c 1897
|
| 300 |
|
|
|a 107 s., iii l. obr. příl. ;
|b il. ;
|c 24 cm
|
| 500 |
|
|
|a "Se třemi tabulkami a dodatkem: Mince arcibiskupství olomouckého"--S. 1 obálky
|
| 505 |
2 |
0 |
|t Mince (arci)biskupství olomouckého
|
| 650 |
0 |
7 |
|a mince
|7 ph115319
|z Česko
|2 czenas
|
| 650 |
0 |
7 |
|a mincovnictví
|7 ph122884
|z Česko
|2 czenas
|
| 655 |
|
7 |
|a studie
|7 fd133597
|2 czenas
|
| 651 |
|
7 |
|a Morava (Česko)
|7 ge130070
|2 czenas
|
| 740 |
0 |
2 |
|a Mince arcibiskupství olomouckého
|
| 910 |
|
|
|a BOA001
|b 2-0021.845
|
| 990 |
|
|
|a BK
|
| 993 |
|
|
|a Y
|
| 991 |
|
|
|b 201105
|
| 996 |
6 |
|
|b 2619803080
|c 2-0021.845
|l MZK
|r Sklad / do 24 hodin
|n 1
|w 000260922
|u 000020
|a 1
|e BOA001
|j MZK50
|s P
|
| 996 |
6 |
|
|b 2619876054
|c 2-0021.845
|l MZK
|r Sklad / do 24 hodin
|n 7
|w 000260922
|u 000010
|a 1
|e BOA001
|j MZK50
|s P
|